Hindu festivals, fairs and fasts / (Record no. 139823)
[ view plain ]
| 000 -LEADER | |
|---|---|
| fixed length control field | 00569nam a22001937a 4500 |
| 005 - DATE AND TIME OF LATEST TRANSACTION | |
| control field | 20170513134945.0 |
| 010 ## - LCCN (DPL NO) | |
| LC control number | B-8450 |
| 020 ## - INTERNATIONAL STANDARD BOOK NUMBER | |
| International Standard Book Number | 8124201641 |
| 035 ## - SYSTEM CONTROL NUMBER | |
| System control number | B-8450 |
| 037 ## - SOURCE OF ACQUISITION | |
| Source of stock number/acquisition | Dpl/CL |
| 082 ## - DEWEY DECIMAL CLASSIFICATION NUMBER | |
| Classification number | 394.2 |
| 100 ## - MAIN ENTRY--PERSONAL NAME | |
| Personal name | Singh, Chitralekha |
| 245 ## - TITLE STATEMENT | |
| Title | Hindu festivals, fairs and fasts / |
| Statement of responsibility, etc | by Chitralekha Singh [and] Prem Nath |
| 260 ## - PUBLICATION, DISTRIBUTION, ETC. (IMPRINT) | |
| Place of publication, distribution, etc | New Delhi |
| Name of publisher, distributor, etc | Crest Publishing House |
| Date of publication, distribution, etc | 1999(repr.) |
| 300 ## - PHYSICAL DESCRIPTION | |
| Extent | x,214p. : |
| Other physical details | ill. |
| Dimensions | 21cm(pbk) |
| 500 ## - GENERAL NOTE | |
| General note | Includes bibliographical references |
| 700 ## - ADDED ENTRY--PERSONAL NAME | |
| Personal name | Prem Nath |
| 942 ## - ADDED ENTRY ELEMENTS (KOHA) | |
| Source of classification or shelving scheme | Dewey Decimal Classification |
| Item type | English Books |
| Classification part | 394.2 |
| Call number suffix | SIN |
No items available.
